<?xml version="1.0" encoding="UTF-8"?>
<marc:record xmlns:marc="http://www.loc.gov/MARC21/slim">
   <marc:leader>00000nam a2200000 a 4500</marc:leader>
   <marc:datafield ind1="0" ind2="0" tag="245">
      <marc:subfield code="a">Barbie als Rapunzel</marc:subfield>
   </marc:datafield>
   <marc:datafield ind1=" " ind2="1" tag="264">
      <marc:subfield code="b">Universal Pictures Germany GmbH</marc:subfield>
      <marc:subfield code="c">2001</marc:subfield>
   </marc:datafield>
   <marc:datafield ind1="1" ind2=" " tag="520">
      <marc:subfield code="a">Barbie ist Rapunzel, das Mädchen mit dem wundervollen langen Haar. Doch in unserer Geschichte nimmt die mutige Heldin ihr Leben selbst in die Hand. Zu Beginn leidet Rapunzel als Gefangene der mächtigen Hexe Gothel unter deren Grausamkeit. Doch sie findet nicht nur selbst einen Weg aus dem verzauberten Turm, sondern ergründet das Geheimnis um ihre verlorenen Eltern und versöhnt zwei verfeindete Königreiche. Und als sie schließlich mit Hilfe des grantigen, aber gutherzigen Kaninchens Hobie und der jungen lila Drachendame Penelope die große Liebe findet, lernt auch die ängstliche Penelope, dass die Macht eines guten Herzens wahre Stärke verleiht.</marc:subfield>
   </marc:datafield>
   <marc:datafield ind1="3" ind2=" " tag="024">
      <marc:subfield code="a">3259190371293</marc:subfield>
   </marc:datafield>
</marc:record>
